Les Légendaires - Personnages - Statistiques

Statistiques générales
  • Ce quiz a été pris 1 306 fois
    839 depuis la dernière actualisation
  • Le résultat moyen est 35 sur 134
Statistiques - réponses
Description Personnage % Correct
Leader des Légendaires Danaël
98%
Elfe Élémentaire Shimy
96%
Princesse d'Orchidia Jadina
95%
Autrefois appelé "Korbo l'Ombre Rouge" Razzia
94%
Jaguarian, ancien monslave Gryfenfer / Gryf
92%
Sa fille Ténébris
90%
Sorcier Noir Darkhell / Elysio / Galen
85%
Démone Chiridelle, dernière de son espèce | Fille de deux Légendaires, membre de la Résistance (R) Amy
70%
Commandant des Faucons d'Argent Ikaël
65%
Mage Galina, dernier de son espèce Skroa
65%
Dieu maléfique Anathos
62%
Sa fille Shun-Day
62%
Membre des Fabuleux Toopie
62%
Félinaure de compagnie de Shimy Lionfeu
61%
Prince de Sabledoray Halan Carpeth
58%
Protecteur des pierres divines Le Gardien
57%
Ecrivain, descendant d'un prophète Artémus del Conquisador
55%
Son petit-ami (R) Artémus
54%
Sa fille Kalandre
50%
Capitaine de la Garde Elfique Shamira
47%
Membre des Fabuleux Michi-Gan
46%
Un de ses anciens monslaves Samaël
46%
Membre des Infernaux Dark Razzia
45%
Membre des Infernaux Dark Jadina
44%
Membre des Infernaux Dark Shimy
44%
Membre des Infernaux Dark Gryf
43%
Comte d'Orchidia Kasino
42%
Déesse de la création Aube
41%
Dieu de la destruction Crépuscule
41%
Médecin Royal d'Orchidia Kalisto Vangelis
41%
Fondatrice légendaire du Royaume d'Orchidia Jadilyna
38%
Roi Elfique Kash Kash
38%
Roi de Larbos Larbosa
38%
Membre des Fabuleux Petit-Chat-qui-boit-son-bol-de-lait / Shaki
37%
Roi de Jaguarys Kel-Cha
36%
Créature parasite Abyss
34%
Sa soeur Invidia
33%
Élève de l'Arbores Elementa Solaris
33%
Reine d'Orchidia Adeyrid
31%
Son autre garde du corps Bakara
31%
Sa garde du corps Baraka
31%
L'Ombre Noire Dasyatis
30%
Esprit de l'arbre géant d'Orchidia Gaméra
30%
L'Ombre Verte Raptor
29%
Directrice de l'Arbores Elementa Shyska
29%
Roi d'Orchidia Kinder
28%
Élève de l'Arbores Elementa Regen
28%
Dynaméis, ancienne princesse Galatée
27%
Son fils (CDD) Salim
27%
Roi de Sabledoray Salim IV
27%
Roi des Dieux Akamandis
24%
Son fils Astérion
24%
Sa fille Saryn
24%
Dynaméis, ancien chasseur de dragons Asgaroth
23%
Dieu de l'orgueil Eternity
23%
Son garde du corps et conseiller Kelma-Thu
23%
Élève de l'Arbores Elementa Roccia
23%
Dieu de la miséricorde Misery
22%
Fille de deux Légendaires, maîtrise la magie de jade (R) Nadia
22%
Son fils Razorcat
22%
Son frère jumeau (R) Aidan
21%
Ancien Elfe Elémentaire Kalgon
21%
Sa fille adoptive, soeur de Razzia Sheyla
21%
Son autre garde et conseiller Ko-Chonu
20%
Grande prêtresse de Jaguarys Sheibah
19%
Dynaméis, elfe noir Halcyon
18%
Ce prophète Rokamadoor
18%
Chef des Chiridans Kirikiri
17%
Grand dresseur de Monslaves Menthos
17%
Célèbre voleur El Diablo
16%
Fils de deux Légendaires, arnaque des villageois (R) Shain
16%
Empereur des Dieux (R) Asmodée
15%
Elfe, membre de cette troupe (CDD) Cherylad
15%
Capitaine d'un navire ayant une dette envers les Légendaires Olbatar
15%
Commandant en second des Faucons d'Argent Alghar
14%
Chef de la troupe des Fantasticos (CDD) Kogan
14%
Général Piranhi Rasga
14%
Capitaine pirate Ceydeirom
13%
Sa fille (CDD) Kalypso
13%
Son frère Cylbar
12%
Autre toowitoo membre de cette troupe (CDD) Makaron
12%
Un des leaders de l'Eglise de l'Infinité Byskaros
11%
Jeune fille aux pouvoirs surpuissants (R) Éloa
11%
Membre de cette même fraternité (CDD) Fleur de Foudre
11%
Galina ayant survécu dans World Without Papatoès
11%
Apôtre surpuissant (R) Sokatar
11%
Apôtre placé auprès d'elle (R) Tobiaz
11%
Elfe maîtrisant une nouvelle forme de magie élémentaire (R) Am'lyn
10%
Elfe élémentaire (CDD) Cheryskal
10%
Son fils Larsen
10%
Chef de la Fraternité Ultima (CDD) Libran
10%
Toowitoo, membre de cette troupe (CDD) Moka
10%
Leur gouvernante (CDD) Félisha
9%
Son fils aîné (CDD) Kaménor
9%
Son fils cadet (CDD) Kenian
9%
Roi des Ouistitas Kokakola
9%
Apôtre à l'apparence d'enfant (R) Luminia
9%
Grande Prêtresse de l'Église de l'Infinité (R) Sydonis
9%
Dieu ayant créé la magie (CDD) Agamnon
8%
Sa fille (CDD) Assouane
8%
Son compère (R) Cochino
8%
Archéologue Esméralda
8%
Prince d'Orchidia (CDD) Jadrid
8%
Roi de Sabledoray (CDD) Kashmir Carpeth
8%
Sa fille Nadcoko
8%
Apôtre reptilien (R) Optikal
8%
Membre de cette même fraternité (CDD) Cadaveron
7%
Son soutien élémentaire (CDD) Oryon
7%
Oiseau de ce dernier (R) Pacha
7%
Apôtre robotique (R) Tésoura
7%
Roi de Cymbalia Absalon
6%
Membre de cette même fraternité (CDD) Despedra
6%
Apôtre ayant gardé sa mémoire malgré le World Without (R) Ergohan
6%
Son fils Arfang
5%
Chef de l'Ordre d'Arkanis (CDD) Calderius
5%
Docteur l'accompagnant (R) Kalamédian
5%
Membre de cette même fraternité (CDD) Carcinus
4%
Directeur de l'Arbores Elementa (CDD) Fhen-Var
4%
Son autre fils Psycorax
4%
Ami d'enfance d'Halan (S) Kaj
3%
Soeur de Michi-Gan (S) Misy-Sipi
3%
Princesse d'Exotica (S) Lionée
2%
Nouveau chef de l'Ordre d'Arkanis (CDD) Mandosa
2%
Chef du cirque qui porte son nom (S) Petrouchka
2%
Amie de Shyska, membre de la brigade rouge (S) Rubi
2%
Prêtre de l'Eglise de l'Infinité Zoltaran
2%
Ami de Shyska, elfe noir (S) Alzan
1%
Dernier des lipans (S) Enzym
1%
Chef des Darnads (S) Oular
1%
Membre de son équipage (S) Sparo
1%
Son garde du corps (S) Veygan
1%
Seigneur désirant maîtriser la source élémentaire (S) Vigor/Bryon
1%
Capitaine de l'équipage du Laskar (S) Ratabla
0%
Aucun quiz correspondant
Distribution des résultats
% des personnes avec chaque résultat
Percentile par nombre de réponses
Votre historique - résultats
Vous n’avez pas pris ce quiz depuis la dernière actualisation